Nuevas perspectivas para erradicar el trabajo infantil en América Latina. /
Salvato in:
| Autore principale: | |
|---|---|
| Enti autori: | , |
| Altri autori: | |
| Natura: | Sconosciuto |
| Pubblicazione: |
Bogotá:
Tercer Mundo
|
| Soggetti: | |
| Tags: |
Aggiungi Tag
Nessun Tag, puoi essere il primo ad aggiungerne!!
|
MARC
| LEADER | 00000 a2200000 04500 | ||
|---|---|---|---|
| 001 | 18908 | ||
| 003 | |||
| 008 | 991231s d | ||
| 040 | |||
| 090 | |a 144701 | ||
| 100 | |a García Méndez, Emilio | ||
| 110 | |a UNICEF. Oficina Regional para América Latina y el Caribe, Colombia | ||
| 245 | |a Nuevas perspectivas para erradicar el trabajo infantil en América Latina. / |c UNICEF. Oficina Regional para América Latina y el Caribe, Colombia | ||
| 260 | |a Bogotá: |b Tercer Mundo | ||
| 300 | |a xxi, 295 p. | ||
| 650 | |a TRABAJO DE MENORES | ||
| 650 | |a DERECHOS HUMANOS | ||
| 650 | |a DERECHOS DEL NIÑO | ||
| 650 | |a POLITICA SOCIAL | ||
| 650 | |a NIÑOS | ||
| 650 | |a ADOLESCENTES | ||
| 650 | |a POBREZA | ||
| 650 | |a EDUCACION | ||
| 650 | |a UNICEF | ||
| 650 | |a ORGANIZACIONES NO GUBERNAMENTALES | ||
| 700 | |a | ||
| 700 | |a Salazar, María Cristina | ||
| 700 | |a | ||
| 710 | |a International Child Development Centre, Italia | ||
| 999 | |c 11564 |d 11564 | ||
